[Event "TUR Cup"]
[Site "Antalya"]
[Date "2020.01.30"]
[Round "8"]
[White "Isik, Can"]
[Black "Kucuk, Dogan"]
[Result "1/2-1/2"]
[WhiteElo "1710"]
[BlackElo "2005"]
[PlyCount "88"]
[EventDate "2020.01.26"]
[EventType "swiss"]
[EventRounds "11"]
[EventCountry "TUR"]
[SourceTitle "CBM 194 Extra"]
[Source "ChessBase"]
[SourceDate "2020.03.31"]
[SourceVersion "1"]
[SourceVersionDate "2020.03.31"]
[SourceQuality "1"]

1. e4 d6 2. d4 g6 3. Nf3 Bg7 4. Bd3 a6 5. a4 b6 6. 0-0 e6 7. Re1 Ne7 8. Nbd2 Nd7 9. Nf1 h6 10. Be3 0-0 11. Qc1 Kh7 12. Ng3 Bb7 13. h4 e5 14. dxe5 Nxe5 15. Nxe5 dxe5 16. h5 Ng8 17. f3 Qe7 18. Kf2 Bf6 19. Rh1 Bh4 20. Qd2 Bxg3+ 21. Kxg3 g5 22. Kf2 Nf6 23. g4 Rfd8 24. Qe2 Nd7 25. b3 Kg7 26. Rad1 Nc5 27. Bxc5 Qxc5+ 28. Qe3 Qb4 29. Qd2 Qc5+ 30. Qe3 Rd4 31. Bc4 Rad8 32. Bd3 a5 33. Kg3 Ba6 34. Rh2 Bxd3 35. Rxd3 Qd6 36. Rhd2 c5 37. Kf2 Qe6 38. Ke2 R8d6 39. c4 Qf6 40. Rd1 Qd8 41. R1d2 Kf6 42. Rd1 Rxd3 43. Rxd3 Rd4 44. Qd2 Ke6 1/2-1/2

[Event "TUR Cup"]
[Site "Antalya"]
[Date "2020.01.30"]
[Round "7"]
[White "Kucuk, Dogan"]
[Black "Kilic, Efe Mert"]
[Result "1/2-1/2"]
[WhiteElo "2005"]
[BlackElo "2247"]
[PlyCount "33"]
[EventDate "2020.01.26"]
[EventType "swiss"]
[EventRounds "11"]
[EventCountry "TUR"]
[SourceTitle "CBM 194 Extra"]
[Source "ChessBase"]
[SourceDate "2020.03.31"]
[SourceVersion "1"]
[SourceVersionDate "2020.03.31"]
[SourceQuality "1"]

1. e4 Nf6 2. e5 Nd5 3. d4 d6 4. Nf3 dxe5 5. Nxe5 c6 6. c4 Nf6 7. Nc3 g6 8. Be2 Bg7 9. 0-0 0-0 10. Be3 Nbd7 11. Nxd7 Bxd7 12. Bf3 Qc7 13. h3 Rad8 14. Qb3 b6 15. Rfe1 Rfe8 16. Rad1 Qb8 17. Qa3 1/2-1/2

[Event "TUR-chT Clubs"]
[Site "Konya"]
[Date "2019.07.21"]
[Round "9.7"]
[White "Severcan, Sedat Sabri"]
[Black "Kucuk, Dogan"]
[Result "1/2-1/2"]
[WhiteElo "1885"]
[BlackElo "2028"]
[PlyCount "82"]
[EventDate "2019.07.16"]
[EventType "team-swiss"]
[EventRounds "9"]
[EventCountry "TUR"]
[SourceTitle "CBM 191 Extra"]
[Source "ChessBase"]
[SourceDate "2019.09.30"]
[SourceVersion "1"]
[SourceVersionDate "2019.09.30"]
[SourceQuality "1"]
[WhiteTeam "Engin Gulec Genclik"]
[BlackTeam "Celik Dernegi"]
[WhiteTeamCountry "TUR"]
[BlackTeamCountry "TUR"]

1. d4 Nf6 2. Nf3 e6 3. c4 d5 4. e3 c6 5. Bd3 Nbd7 6. 0-0 Bd6 7. Nbd2 0-0 8. Rb1 Qe7 9. Re1 e5 10. dxe5 Nxe5 11. Nxe5 Qxe5 12. Nf3 Qh5 13. b3 Bg4 14. h3 Bxf3 15. Qxf3 Qxf3 16. gxf3 Rfe8 17. Bb2 Be5 18. Ba3 Rad8 19. Red1 g6 20. f4 Bc3 21. cxd5 Nxd5 22. Bc4 Nb6 23. Be2 Bf6 24. Bf3 Rxd1+ 25. Rxd1 Rd8 26. Rxd8+ Bxd8 27. Bc5 Nc8 28. Ba3 Be7 29. Bxe7 Nxe7 30. Kf1 Kf8 31. Ke2 f5 32. Kd3 Kf7 33. Kd4 Ke6 34. a4 Kd6 35. b4 Ng8 36. Be2 Nf6 37. Bc4 b6 38. f3 Nd7 39. e4 Nf8 40. e5+ Ke7 41. h4 Ne6+ 1/2-1/2

[Event "TUR-chT Clubs"]
[Site "Konya"]
[Date "2019.07.20"]
[Round "7.7"]
[White "Bozyaka, Altug"]
[Black "Kucuk, Dogan"]
[Result "0-1"]
[WhiteElo "1798"]
[BlackElo "2028"]
[PlyCount "116"]
[EventDate "2019.07.16"]
[EventType "team-swiss"]
[EventRounds "9"]
[EventCountry "TUR"]
[SourceTitle "CBM 191 Extra"]
[Source "ChessBase"]
[SourceDate "2019.09.30"]
[SourceVersion "1"]
[SourceVersionDate "2019.09.30"]
[SourceQuality "1"]
[WhiteTeam "Busan Genclik"]
[BlackTeam "Celik Dernegi"]
[WhiteTeamCountry "TUR"]
[BlackTeamCountry "TUR"]

1. d4 d5 2. Nf3 Nf6 3. c4 dxc4 4. e3 a6 5. Bxc4 e6 6. 0-0 b5 7. Be2 Bb7 8. a3 Nbd7 9. b4 Bd6 10. Bb2 0-0 11. Nbd2 Nb6 12. Qc2 Na4 13. Rfc1 Qe7 14. Bd3 Nxb2 15. Qxb2 Nd7 16. Be4 Bxe4 17. Nxe4 Nb6 18. Nfd2 Rfb8 19. Nc3 Qd7 20. Nb3 Nc4 21. Qe2 c6 22. Ne4 a5 23. Nec5 Qe7 24. Rxc4 bxc4 25. Nxa5 Rxa5 26. bxa5 Bxc5 27. dxc5 Qxc5 28. g3 c3 29. Qd3 Qxa5 30. Rc1 Rb3 31. a4 Qd5 32. Qxd5 cxd5 33. Kf1 Kf8 34. Ke2 Ra3 35. Kd3 Rxa4 36. Rxc3 Ra2 37. f3 Rxh2 38. Rc7 h5 39. g4 hxg4 40. fxg4 Rg2 41. Rc8+ Ke7 42. Rc7+ Kf6 43. Rc8 Rxg4 44. Rg8 Ra4 45. Re8 Kf5 46. Rf8 f6 47. Rh8 g5 48. Rf8 e5 49. Rf7 g4 50. Rg7 Ra3+ 51. Ke2 d4 52. exd4 exd4 53. Rg8 Kf4 54. Rd8 Ra2+ 55. Kd3 g3 56. Rxd4+ Kf3 57. Rd6 f5 58. Rg6 f4 0-1

[Event "TUR-chT Clubs"]
[Site "Konya"]
[Date "2019.07.19"]
[Round "6.4"]
[White "Kucuk, Dogan"]
[Black "Karahan, Anil"]
[Result "1-0"]
[WhiteElo "2028"]
[BlackElo "1889"]
[PlyCount "77"]
[EventDate "2019.07.16"]
[EventType "team-swiss"]
[EventRounds "9"]
[EventCountry "TUR"]
[SourceTitle "CBM 191 Extra"]
[Source "ChessBase"]
[SourceDate "2019.09.30"]
[SourceVersion "1"]
[SourceVersionDate "2019.09.30"]
[SourceQuality "1"]
[WhiteTeam "Celik Dernegi"]
[BlackTeam "Artvin Il Ozel"]
[WhiteTeamCountry "TUR"]
[BlackTeamCountry "TUR"]

1. e4 e6 2. d3 d5 3. Nd2 Nc6 4. Ngf3 e5 5. Be2 Nf6 6. 0-0 Bc5 7. c3 a5 8. Qc2 0-0 9. h3 Ba7 10. Re1 Nh5 11. exd5 Qxd5 12. Nf1 Nf4 13. Bxf4 exf4 14. d4 Bd7 15. Bd3 g6 16. N1d2 Rae8 17. Qb3 Rxe1+ 18. Rxe1 Qxb3 19. axb3 Re8 20. Ra1 b6 21. Bb5 Bb8 22. c4 Rd8 23. Re1 Kf8 24. Ne4 Kg7 25. Nc3 Kf8 26. Nd5 Nb4 27. Bxd7 Nxd5 28. Bb5 Nb4 29. d5 c6 30. Bxc6 Nxc6 31. dxc6 Bc7 32. Re4 f6 33. Nd4 Kf7 34. Nb5 f5 35. Re1 Rc8 36. Rd1 Ke6 37. Rd7 Be5 38. Na7 Rh8 39. Rb7 1-0

[Event "TUR-chT Clubs"]
[Site "Konya"]
[Date "2019.07.18"]
[Round "5.3"]
[White "Unlu, Alp Bugra"]
[Black "Kucuk, Dogan"]
[Result "0-1"]
[WhiteElo "1832"]
[BlackElo "2028"]
[PlyCount "106"]
[EventDate "2019.07.16"]
[EventType "team-swiss"]
[EventRounds "9"]
[EventCountry "TUR"]
[SourceTitle "CBM 191 Extra"]
[Source "ChessBase"]
[SourceDate "2019.09.30"]
[SourceVersion "1"]
[SourceVersionDate "2019.09.30"]
[SourceQuality "1"]
[WhiteTeam "Manisa Yunusembre"]
[BlackTeam "Celik Dernegi"]
[WhiteTeamCountry "TUR"]
[BlackTeamCountry "TUR"]

1. e4 e5 2. Nf3 d6 3. d4 Nd7 4. c3 Ngf6 5. Nbd2 Be7 6. Bc4 0-0 7. 0-0 c6 8. Bb3 h6 9. Re1 Re8 10. Nf1 Qc7 11. Ng3 Nf8 12. Qc2 Ng6 13. h3 Bf8 14. dxe5 dxe5 15. Be3 Nd7 16. Rad1 Nc5 17. Bc4 b5 18. Bf1 Be6 19. Rd2 a5 20. b3 a4 21. b4 Nd7 22. Red1 Nb6 23. Nf5 Red8 24. h4 Rxd2 25. Qxd2 Nc4 26. Bxc4 Bxc4 27. g3 f6 28. h5 Ne7 29. N3h4 Nxf5 30. Nxf5 Qf7 31. Ra1 Qxh5 32. Kg2 a3 33. Rh1 Qf7 34. Qd1 Kh7 35. Rh2 Be6 36. g4 Kg8 37. Qf3 Rd8 38. Rh4 Rd3 39. Qg3 Bxa2 40. Qh2 Qg6 41. f3 Be6 42. Kf2 Rd1 43. Kg3 a2 44. Bxh6 a1Q 45. Be3 Rd8 46. Rh8+ Kf7 47. Nh4 Qe1+ 48. Bf2 Qexe4 49. Nxg6 Qxg6 50. Bb6 Rd3 51. Qh4 e4 52. Bc5 Rxf3+ 53. Kh2 Bxc5 0-1

[Event "TUR-chT Clubs"]
[Site "Konya"]
[Date "2019.07.16"]
[Round "1.4"]
[White "Tahaoglu, Erkin"]
[Black "Kucuk, Dogan"]
[Result "0-1"]
[WhiteElo "1671"]
[BlackElo "2028"]
[PlyCount "134"]
[EventDate "2019.07.16"]
[EventType "team-swiss"]
[EventRounds "9"]
[EventCountry "TUR"]
[SourceTitle "CBM 191 Extra"]
[Source "ChessBase"]
[SourceDate "2019.09.30"]
[SourceVersion "1"]
[SourceVersionDate "2019.09.30"]
[SourceQuality "1"]
[WhiteTeam "Karaman Onder Durmus"]
[BlackTeam "Celik Dernegi"]
[WhiteTeamCountry "TUR"]
[BlackTeamCountry "TUR"]

1. e4 c5 2. Nf3 e6 3. d3 Nc6 4. g3 g6 5. Bg2 Bg7 6. 0-0 Nge7 7. c4 0-0 8. Nc3 Nd4 9. Nxd4 cxd4 10. Nb5 d6 11. Bf4 e5 12. Bd2 a6 13. Na3 Rb8 14. Rc1 Be6 15. f4 Qd7 16. b4 b5 17. fxe5 dxe5 18. Qc2 Rfc8 19. Qb2 Nc6 20. c5 Qd8 21. Nc2 Qf8 22. h4 Bh6 23. Na1 Rd8 24. Kh2 Be3 25. a3 Qh6 26. Nb3 g5 27. Bxe3 dxe3 28. Na5 Nd4 29. c6 gxh4 30. g4 e2 31. c7 exf1N+ 32. Rxf1 Qe3 33. cxd8Q+ Rxd8 34. Qf2 Qxf2 35. Rxf2 Rc8 36. Kh3 Rc3 37. Bf1 h5 38. Kxh4 hxg4 39. Nb7 Rxa3 40. Nc5 Ra1 41. Bg2 Kf8 42. Kg3 Ke7 43. Rf1 Ra2 44. Rb1 Kd6 45. Bf1 Kc6 46. Nxe6 fxe6 47. Kxg4 Kb6 48. Kg5 Rf2 49. Bh3 a5 50. bxa5+ Kxa5 51. Bg4 Rg2 52. Kf6 Rxg4 53. Kxe5 Nc6+ 54. Kxe6 Rg6+ 55. Kd5 Nb4+ 56. Kd4 Rd6+ 57. Kc5 Rc6+ 58. Kd4 Rc8 59. Ke3 Rd8 60. Ra1+ Kb6 61. Rd1 Nc6 62. d4 b4 63. d5 Kb5 64. Rc1 Na5 65. Kd3 Nb3 66. Rb1 Ka4 67. Kc4 Nd2+ 0-1

[Event "Manavgat Turkey Cup"]
[Site "Manavgat"]
[Date "2016.02.02"]
[Round "5"]
[White "Sumer, Gun"]
[Black "Kucuk, Dogan"]
[Result "1/2-1/2"]
[WhiteElo "1969"]
[BlackElo "2066"]
[PlyCount "58"]
[EventDate "2016.01.30"]
[EventType "swiss"]
[EventRounds "11"]
[EventCountry "TUR"]
[SourceTitle "CBM 170 Extra"]
[Source "ChessBase"]
[SourceDate "2016.02.25"]
[SourceVersion "1"]
[SourceVersionDate "2016.02.25"]
[SourceQuality "1"]

1. e4 d5 2. exd5 Qxd5 3. Nc3 Qd6 4. d4 Nf6 5. Nf3 g6 6. Nb5 Qd8 7. c4 c6 8. Nc3 Bg7 9. h3 0-0 10. Bd3 c5 11. dxc5 Nfd7 12. Be3 Qa5 13. 0-0 Bxc3 14. bxc3 Nxc5 15. Be2 Rd8 16. Qb1 Nc6 17. Nd4 Ne6 18. Nxc6 bxc6 19. Qb4 Qc7 20. c5 Rb8 21. Qh4 Rb2 22. Bc4 Rc2 23. Rac1 Rxc1 24. Rxc1 Ng7 25. Bf4 Qd7 26. Be5 Qf5 27. Bxg7 Kxg7 28. Qxe7 Qf6 29. Re1 Be6 1/2-1/2

[Event "Manavgat Turkey Cup"]
[Site "Manavgat"]
[Date "2016.01.31"]
[Round "2"]
[White "Kucuk, Dogan"]
[Black "Demir, Hilmi Mustafa"]
[Result "1-0"]
[WhiteElo "2066"]
[BlackElo "1823"]
[PlyCount "57"]
[EventDate "2016.01.30"]
[EventType "swiss"]
[EventRounds "11"]
[EventCountry "TUR"]
[SourceTitle "CBM 170 Extra"]
[Source "ChessBase"]
[SourceDate "2016.02.25"]
[SourceVersion "1"]
[SourceVersionDate "2016.02.25"]
[SourceQuality "1"]

1. d4 Nf6 2. Nf3 c5 3. c4 g6 4. Nc3 cxd4 5. Nxd4 Bg7 6. e4 d6 7. Be2 0-0 8. 0-0 Nc6 9. Be3 Bd7 10. f3 Nxd4 11. Bxd4 a6 12. Qd2 Qa5 13. Rfd1 Rfd8 14. b4 Qh5 15. Rac1 Bh6 16. f4 Bg4 17. Bxf6 Bxe2 18. Bxe7 Bxd1 19. Bxd8 Rxd8 20. Rxd1 Qg4 21. Nd5 Kf8 22. Rf1 Qc8 23. Qd3 Bg7 24. f5 f6 25. fxg6 hxg6 26. Nxf6 Bxf6 27. Rxf6+ Ke7 28. Rxg6 b5 29. Qd5 1-0

[Event "TUR-ch"]
[Site "Adana"]
[Date "2015.12.09"]
[Round "12"]
[White "Ipatov, Alexander"]
[Black "Kucuk, Dogan"]
[Result "1-0"]
[WhiteElo "2624"]
[BlackElo "2046"]
[PlyCount "89"]
[EventDate "2015.11.27"]
[EventType "tourn"]
[EventRounds "13"]
[EventCountry "TUR"]
[EventCategory "3"]
[SourceTitle "CBM 169 Extra"]
[Source "ChessBase"]
[SourceDate "2015.12.18"]
[SourceVersion "1"]
[SourceVersionDate "2015.12.18"]
[SourceQuality "1"]

1. d4 d5 2. c4 e6 3. Nf3 Nf6 4. g3 dxc4 5. Bg2 c5 6. 0-0 Nc6 7. Na3 cxd4 8. Nxc4 Bc5 9. a3 a5 10. Bf4 Nd5 11. Nfe5 Nxf4 12. Nxc6 Nh3+ 13. Bxh3 bxc6 14. Qa4 Bd7 15. Bg2 0-0 16. Ne5 Be8 17. Rac1 Qd6 18. Nc4 Qc7 19. b4 Bb6 20. Nxb6 Qxb6 21. Bxc6 d3 22. exd3 Qd4 23. Rc4 Bxc6 24. Qxc6 Qb2 25. b5 Qxa3 26. b6 Qb3 27. Rc5 Rab8 28. Rb5 Qxd3 29. b7 a4 30. Ra5 a3 31. Ra1 Qb3 32. Ra7 h5 33. R1xa3 Qb1+ 34. Kg2 h4 35. gxh4 Qb4 36. R3a4 Qb1 37. h5 Qf5 38. Qf3 Qc5 39. Ra8 Qg5+ 40. Rg4 Qe7 41. Rxg7+ Kxg7 42. Qg3+ Kh7 43. Rxb8 Rxb8 44. Qxb8 Qg5+ 45. Qg3 1-0

[Event "TUR-ch"]
[Site "Adana"]
[Date "2015.12.05"]
[Round "8"]
[White "Yelligedik, Murat"]
[Black "Kucuk, Dogan"]
[Result "1/2-1/2"]
[WhiteElo "1959"]
[BlackElo "2046"]
[PlyCount "132"]
[EventDate "2015.11.27"]
[EventType "tourn"]
[EventRounds "13"]
[EventCountry "TUR"]
[EventCategory "3"]
[SourceTitle "CBM 169 Extra"]
[Source "ChessBase"]
[SourceDate "2015.12.18"]
[SourceVersion "1"]
[SourceVersionDate "2015.12.18"]
[SourceQuality "1"]

1. e4 c6 2. d4 d5 3. exd5 cxd5 4. Bd3 Nc6 5. c3 Nf6 6. Bf4 Bg4 7. Qb3 Qc8 8. Nd2 e6 9. Ngf3 Bxf3 10. Nxf3 Be7 11. 0-0 0-0 12. Rae1 Nd7 13. Qc2 Nf6 14. Qd1 a6 15. Ne5 g6 16. Re3 b5 17. h4 b4 18. Bh6 Re8 19. h5 bxc3 20. bxc3 Nxe5 21. dxe5 Ne4 22. Qg4 Bf8 23. Bxf8 Kxf8 24. Bxe4 dxe4 25. hxg6 fxg6 26. Qxe4 Ra7 27. Rd1 Rd8 28. Rd6 Rc7 29. Red3 Re8 30. Qh4 Rce7 31. Qb4 Kg8 32. Qa5 Rc7 33. Qxa6 Rxc3 34. Qxc8 Rexc8 35. Rxc3 Rxc3 36. f4 g5 37. fxg5 Kf7 38. Rd2 Kg6 39. Rf2 Kxg5 40. Rf6 Rc1+ 41. Kh2 Rc2 42. Rxe6 Rxa2 43. Re7 Re2 44. Kg3 h5 45. Rg7+ Kh6 46. Re7 Kg5 47. Re8 Re3+ 48. Kf2 Ra3 49. Kg1 Re3 50. Kf2 Ra3 51. Rb8 Ra5 52. Rg8+ Kf5 53. Rh8 Kg5 54. Re8 Kf4 55. e6 Ra2+ 56. Kg1 Kf5 57. Kh2 Kf6 58. Kh3 Ra4 59. g3 Rb4 60. Rh8 Kxe6 61. Rxh5 Kf6 62. Rh4 Rb8 63. Ra4 Kg6 64. Ra6+ Kg5 65. Ra5+ Kg6 66. Kh4 Rb6 1/2-1/2

[Event "TUR-ch"]
[Site "Adana"]
[Date "2015.12.03"]
[Round "7"]
[White "Kucuk, Dogan"]
[Black "Haznedaroglu, Kivanc"]
[Result "1/2-1/2"]
[WhiteElo "2046"]
[BlackElo "2471"]
[PlyCount "73"]
[EventDate "2015.11.27"]
[EventType "tourn"]
[EventRounds "13"]
[EventCountry "TUR"]
[EventCategory "3"]
[SourceTitle "CBM 169 Extra"]
[Source "ChessBase"]
[SourceDate "2015.12.18"]
[SourceVersion "1"]
[SourceVersionDate "2015.12.18"]
[SourceQuality "1"]

1. e4 Nf6 2. e5 Nd5 3. Nc3 Nxc3 4. dxc3 d5 5. Bf4 c5 6. Qd2 Nc6 7. h4 h6 8. 0-0-0 Be6 9. Bg3 Qa5 10. a3 0-0-0 11. Ne2 Bf5 12. e6 fxe6 13. Nf4 e5 14. Nd3 c4 15. Nxe5 Nxe5 16. Bxe5 e6 17. g4 Be4 18. Rg1 Be7 19. Bg2 Rhf8 20. Bxg7 Bxa3 21. Qxh6 Rd6 22. Bxe4 Bxb2+ 23. Kxb2 Rb6+ 24. Kc1 Rxf2 25. Qh8+ Kd7 26. Rxd5+ exd5 27. Bf5+ Rxf5 28. Bd4 Rf7 29. Bxb6 axb6 30. Qd4 Kc6 31. g5 Rf3 32. g6 Rxc3 33. g7 Qa1+ 34. Kd2 Rxc2+ 35. Kxc2 Qxd4 36. g8Q Qd3+ 37. Kc1 1/2-1/2

[Event "TUR-ch"]
[Site "Adana"]
[Date "2015.11.30"]
[Round "4"]
[White "Yelken, Mustafa"]
[Black "Kucuk, Dogan"]
[Result "1-0"]
[WhiteElo "2107"]
[BlackElo "2046"]
[PlyCount "77"]
[EventDate "2015.11.27"]
[EventType "tourn"]
[EventRounds "13"]
[EventCountry "TUR"]
[EventCategory "3"]
[SourceTitle "CBM 169 Extra"]
[Source "ChessBase"]
[SourceDate "2015.12.18"]
[SourceVersion "1"]
[SourceVersionDate "2015.12.18"]
[SourceQuality "1"]

1. e4 d5 2. exd5 Qxd5 3. Nc3 Qd6 4. d4 Nf6 5. Nf3 g6 6. Nb5 Qb6 7. Bc4 c6 8. Nc3 Bg7 9. 0-0 0-0 10. Ne5 e6 11. Bb3 Rd8 12. Be3 Qc7 13. Qf3 Nd5 14. Nxd5 cxd5 15. Bf4 Qe7 16. c3 Nc6 17. Rfe1 a5 18. Nd3 a4 19. Bc2 b6 20. Qg3 Ra7 21. a3 Bf6 22. Nb4 Nxb4 23. axb4 b5 24. Bd3 Ba6 25. Re3 Bh4 26. Qf3 Bg5 27. Bxg5 Qxg5 28. Qe2 Rda8 29. Bxb5 Bxb5 30. Qxb5 a3 31. bxa3 Rxa3 32. Rxa3 Rxa3 33. Qb8+ Kg7 34. h3 Qf5 35. Rf3 Qh5 36. g4 Qg5 37. Qc7 Ra1+ 38. Kg2 Qc1 39. Rxf7+ 1-0

[Event "Manavgat Turkey Cup"]
[Site "Manavgat"]
[Date "2015.02.05"]
[Round "8"]
[White "Soysal, Serkan"]
[Black "Kucuk, Dogan"]
[Result "1/2-1/2"]
[WhiteElo "2339"]
[BlackElo "1952"]
[PlyCount "71"]
[EventDate "2015.01.31"]
[EventType "swiss"]
[EventRounds "11"]
[EventCountry "TUR"]
[SourceTitle "CBM 164 Extra"]
[Source "ChessBase"]
[SourceDate "2015.03.02"]
[SourceVersion "1"]
[SourceVersionDate "2015.03.02"]
[SourceQuality "1"]

1. e4 c6 2. d4 d5 3. e5 c5 4. dxc5 Nc6 5. Nf3 Bg4 6. c3 Bxf3 7. Qxf3 Nxe5 8. Bb5+ Nc6 9. c4 e6 10. cxd5 Qxd5 11. Qxd5 exd5 12. Be3 Nge7 13. Nd2 0-0-0 14. Nb3 a6 15. Be2 g6 16. 0-0-0 Bg7 17. Nd4 Nxd4 18. Bxd4 Bxd4 19. Rxd4 Nc6 20. Rd2 Rhe8 21. Bf3 Re5 22. Kb1 Kc7 23. Rhd1 d4 24. Rc1 a5 25. a3 f5 26. Ka2 d3 27. Rc3 Rd4 28. b3 g5 29. Kb2 g4 30. Bd1 Red5 31. Ka2 Ne5 32. Rb2 d2 33. Kb1 Kc6 34. b4 Rc4 35. Rxc4 Nxc4 36. Rb3 1/2-1/2

[Event "Manavgat Turkey Cup"]
[Site "Manavgat"]
[Date "2015.02.04"]
[Round "7"]
[White "Kucuk, Dogan"]
[Black "Dogan, Nazmi Can"]
[Result "1-0"]
[WhiteElo "1952"]
[BlackElo "2169"]
[PlyCount "97"]
[EventDate "2015.01.31"]
[EventType "swiss"]
[EventRounds "11"]
[EventCountry "TUR"]
[SourceTitle "CBM 164 Extra"]
[Source "ChessBase"]
[SourceDate "2015.03.02"]
[SourceVersion "1"]
[SourceVersionDate "2015.03.02"]
[SourceQuality "1"]

1. b3 e5 2. Bb2 Nc6 3. e3 Nf6 4. Bb5 Bd6 5. d3 0-0 6. Nf3 Re8 7. 0-0 a6 8. Bxc6 dxc6 9. Nbd2 b5 10. h3 c5 11. Ne4 Nxe4 12. dxe4 Bb7 13. Nd2 Qh4 14. Qg4 Qh6 15. a4 Rad8 16. axb5 axb5 17. Qe2 Bc6 18. Ra6 Bd7 19. Rfa1 Qh4 20. f3 Qg5 21. Kh2 h5 22. Nf1 h4 23. Kh1 Rb8 24. R6a5 g6 25. Qf2 Qe7 26. Bc3 Kg7 27. Nh2 b4 28. Bb2 Kh7 29. Rd1 Bb5 30. f4 Kg8 31. fxe5 Bxe5 32. Bxe5 Qxe5 33. Ng4 Qe7 34. Nf6+ Kg7 35. Nxe8+ Bxe8 36. Qf4 Bc6 37. e5 Re8 38. Qf6+ Qxf6 39. exf6+ Kxf6 40. Rxc5 Ba8 41. Rxc7 Rxe3 42. Kg1 Re2 43. Rf1+ Kg5 44. Rf2 Re1+ 45. Kh2 Bd5 46. Rc5 Rd1 47. Rb5 Rd4 48. Rxf7 Rd2 49. Rd7 1-0

[Event "Manavgat Turkey Cup"]
[Site "Manavgat"]
[Date "2015.02.01"]
[Round "3"]
[White "Kucuk, Dogan"]
[Black "Aydincelebi, Kagan"]
[Result "1-0"]
[WhiteElo "1952"]
[BlackElo "1865"]
[PlyCount "103"]
[EventDate "2015.01.31"]
[EventType "swiss"]
[EventRounds "11"]
[EventCountry "TUR"]
[SourceTitle "CBM 164 Extra"]
[Source "ChessBase"]
[SourceDate "2015.03.02"]
[SourceVersion "1"]
[SourceVersionDate "2015.03.02"]
[SourceQuality "1"]

1. d4 Nf6 2. Nf3 c5 3. c4 g6 4. Nc3 Bg7 5. e4 cxd4 6. Nxd4 d6 7. Be2 0-0 8. Be3 Nc6 9. Nc2 Bd7 10. 0-0 Rc8 11. f3 Na5 12. b3 a6 13. Qd2 Qc7 14. Nb4 Qd8 15. Rac1 Be6 16. Nbd5 Nc6 17. Nb6 Rb8 18. Rfd1 Nd7 19. Nxd7 Qxd7 20. c5 Rbd8 21. Qe1 Qc8 22. cxd6 Rxd6 23. Rxd6 exd6 24. Qd2 Qd7 25. Nd5 f5 26. Bxa6 fxe4 27. fxe4 bxa6 28. Rxc6 Qf7 29. Rc1 Be5 30. Nc7 Bd7 31. Qd5 Qxd5 32. exd5 a5 33. Ne6 Bxe6 34. dxe6 Re8 35. Bb6 Rxe6 36. Rc8+ Kg7 37. Bxa5 Kh6 38. Bc3 Bf4 39. Kf2 Kg5 40. a4 Kf5 41. a5 d5 42. Bd4 Ke4 43. Bb6 d4 44. a6 Be3+ 45. Kg3 Re5 46. h4 Bf4+ 47. Kh3 Kd3 48. g3 Re3 49. Kg4 Be5 50. Kg5 Bg7 51. Bc7 Re6 52. a7 1-0

[Event "TUR-chT2"]
[Site "Konya"]
[Date "2014.06.24"]
[Round "3.11"]
[White "Gulsoy, Mustafa Alpago"]
[Black "Kucuk, Dogan"]
[Result "1-0"]
[WhiteElo "1798"]
[BlackElo "1909"]
[PlyCount "79"]
[EventDate "2014.06.23"]
[EventType "team-swiss"]
[EventRounds "9"]
[EventCountry "TUR"]
[SourceTitle "CBM 161 Extra"]
[Source "ChessBase"]
[SourceDate "2014.08.29"]
[SourceVersion "1"]
[SourceVersionDate "2014.08.29"]
[SourceQuality "1"]
[WhiteTeam "Tasduvar"]
[BlackTeam "Deniz Genclik"]
[WhiteTeamCountry "TUR"]
[BlackTeamCountry "TUR"]

1. e4 e6 2. Nc3 d5 3. d3 Nf6 4. Bd2 c5 5. g3 Nc6 6. Bg2 dxe4 7. Nxe4 Be7 8. Ne2 0-0 9. 0-0 Nxe4 10. Bxe4 Bf6 11. Rb1 Qc7 12. h4 Nd4 13. c3 Nxe2+ 14. Qxe2 Bd7 15. Be3 Be7 16. Bf4 Qb6 17. Kg2 Bc6 18. Rh1 Rfd8 19. g4 Qa6 20. Bxc6 Qxc6+ 21. f3 Rd7 22. h5 Rad8 23. Rbd1 Qa6 24. c4 h6 25. Be5 Qxa2 26. f4 Bd6 27. g5 Bxe5 28. fxe5 Qa6 29. gxh6 Qc6+ 30. Kh2 Rd4 31. Qf2 Rxd3 32. Rhg1 f5 33. Qg3 Rd2+ 34. Kh3 R8d3 35. Qxd3 Rxd3+ 36. Rxd3 g5 37. hxg6 Qe8 38. Rg5 b5 39. g7 bxc4 40. Rc3 1-0